Geometry of PDEs and mechanics

Saved in:
Bibliographic Details
Main Author: Prastaro, Agostino
Format: Book
Language:English
Published: Singapore ; New Jersey : World Scientific, c1996
Subjects:
Tags: Add Tag
No Tags, Be the first to tag this record!

MARC

LEADER 00000nam a2200000 i 4500
001 1/3893
008 000523s1996 eng d
020 |a 9810225202 
035 |l 10060961 
040 |a GR-MY-UA  |b gre  |e aacr 
041 0 |a eng 
082 0 |a 530.155353 
100 1 |a Prastaro, Agostino. 
245 1 0 |a Geometry of PDEs and mechanics /  |c Agostino Prastaro 
260 |a Singapore ; New Jersey :   |b World Scientific,   |c c1996 
300 |a x, 750 p.;  |c 23 cm. 
504 |a Includes bibliographical references and index 
650 0 0 |a Mechanics  |x Mathematics. 
650 0 0 |a Geometry, Algebraic. 
650 0 0 |a Differential equations, Partial. 
650 0 0 |a Mathematical physics. 
852 |a INST  |b SAMOS  |e 20000523  |h 530.155353 PRA  |p 005300016117  |q 005300016117  |t BK  |y 0 
901 |a BIBL3-2000-2 
909 |a Σ  |b 067525 
922 |a 3ΕΛΗ  |b 199911  |c ΤΜΗΜΑ ΜΑΘΗΜΑΤΙΚΩΝ  |d ΠΑΠΑΣΩΤΗΡΙΟΥ 
970 |a ΓΕΝΟΥΖΟΥ  |b ΧΡΥΣΑΝΘΗ  |z 2000/05/23